00608nam a22001817a 4500003000400000020001800004082001700022100002000039245006300059250000800122260003200130300000800162650001400170653006300184942001200247952015000259999001700409SGT a9780702068645 a616.07bB19S aSUVARNA, S. KIM aBANCROFT'S THEORY AND PRACTICE OF HISTOLOGICAL TECHNIQUES  a8TH aU.S.A.bELSEVIER PUB c2019 a557 aPATHOLOGY aBANCROFT'S THEORY AND PRACTICE OF HISTOLOGICAL TECHNIQUES  2ddccBK 00102ddc40718MEDICALaFMbFMcREFd2022-09-08eABC DELHIg14500.00iSGTUl0o616.07 B19SpFM13094r2022-09-08 00:00:00w2022-06-30yBKk14699 c23251d23251